Normal view
MARC view
Entry Topical Term
001 - CONTROL NUMBER
- control field: 32944
003 - CONTROL NUMBER IDENTIFIER
- control field: ARRUPE
005 - DATE AND TIME OF LATEST TRANSACTION
- control field: 20170712103443.0
008 - FIXED-LENGTH DATA ELEMENTS
- fixed length control field: 170712|| aca||aabn | a|a d
040 ## - CATALOGING SOURCE
- Original cataloging agency: ARRUPE
- Transcribing agency: ARRUPE
150 ## - HEADING--TOPICAL TERM
- Topical term or geographic name as entry element: Doctrines
- General subdivision: Theology
- General subdivision: Doctrinal
670 ## - SOURCE DATA FOUND
- Source citation: Work cat.: (ARRUPE)93330: Suarez, Francisco 32942, Opera Omnia, 1856-78